Surveys in mechanics; (Record no. 71671)
[ view plain ]
| 000 -LEADER | |
|---|---|
| fixed length control field | 01722nam a2200289 a 4500 |
| 001 - CONTROL NUMBER | |
| control field | 71671 |
| 003 - CONTROL NUMBER IDENTIFIER | |
| rucl marc code | BD-RjUL |
| 005 - DATE AND TIME OF LATEST TRANSACTION | |
| control field | 20211209082138.0 |
| 008 - FIXED-LENGTH DATA ELEMENTS--GENERAL INFORMATION | |
| fixed length control field | 170507s1956 enkac b 010 0deng d |
| 035 ## - SYSTEM CONTROL NUMBER | |
| System control number | (BD-RjUL)71887 |
| 040 ## - CATALOGING SOURCE | |
| Original cataloging agency | DLC/ICU |
| Transcribing agency | ICU |
| Modifying agency | BD-RjUL |
| Language of cataloging | eng |
| 041 ## - LANGUAGE CODE | |
| Language code of text/sound track or separate title | eng |
| 082 00 - DEWEY DECIMAL CLASSIFICATION NUMBER | |
| Classification number | 531 |
| Edition number | 23 |
| Author mark and year | SUR 1956 |
| 245 10 - TITLE STATEMENT | |
| Title | Surveys in mechanics; |
| Remainder of title | a collection of surveys of the present position of research in some branches of mechanics, written in commemoration of the 70th birthday of Geoffrey Ingram Taylor / |
| Statement of responsibility, etc. | Edited by G.K. Batchelor and R.M. Davies. |
| 260 ## - PUBLICATION, DISTRIBUTION, ETC. (IMPRINT) | |
| Place of publication, distribution, etc. | Cambridge : |
| Name of publisher, distributor, etc. | University Press, |
| Date of publication, distribution, etc. | 1956. |
| 300 ## - PHYSICAL DESCRIPTION | |
| Pagination | 475 p. : |
| Illustrations | ill. ; |
| Size | 22 cm. |
| 504 ## - BIBLIOGRAPHY, ETC. NOTE | |
| Bibliography, etc | Includes bibliographies. |
| 505 0# - FORMATTED CONTENTS NOTE | |
| Formatted contents note | G.I. Taylor: a biographical note, by R.V. Southwell.--The mechanics of quasi-static plastic deformation in metals, by R. Hill.--Dislocations in crystalline solids, by N.F. Mott.--Stress waves in solids, by R.M. Davies.--Rotating fluids, by H.B. Squire.--The mechanics of drops and bubbles, by W.R. Lane and H.L. Green.--Wave generation by wind, by F. Ursell.--Viscosity effects in sound waves of finite amplitude, by M.J. Lighthill.--Turbulent diffusion, by G.K. Batchelor and A.A. Townsend.--Atmospheric turbulence, by T.H. Ellison.--The mechanics of sailing ships and yachts, by K.S.M. Davidson. |
| 600 10 - SUBJECT ADDED ENTRY--PERSONAL NAME | |
| Personal name | Taylor, Geoffrey Ingram, |
| Titles and other words associated with a name | Sir, |
| Dates associated with a name | 1886- |
| 650 #0 - SUBJECT ADDED ENTRY--TOPICAL TERM | |
| Topical term or geographic name as entry element | Mechanics. |
| 9 (RLIN) | 212053 |
| 700 1# - ADDED ENTRY--PERSONAL NAME | |
| Personal name | Davies, R. M. |
| Fuller form of name | (Rhisiart Morgan), |
| Dates associated with a name | 1903- |
| Relator term | joint ed. |
| Personal name | Batchelor, G. K. |
| 856 ## - ELECTRONIC LOCATION AND ACCESS | |
| Materials specified | Cambridge monographs on mechanics and applied mathematics |
| 942 ## - ADDED ENTRY ELEMENTS (KOHA) | |
| Source of classification or shelving scheme | Dewey Decimal Classification |
| Koha item type | Books |
| Lost status | Source of classification or shelving scheme | Damaged status | Not for loan | Collection code | Permanent Location | Current Location | Shelving location | Date acquired | Source of acquisition | Cost, normal purchase price | Total Checkouts | Full call number | Date last seen | Copy number | Koha item type |
|---|---|---|---|---|---|---|---|---|---|---|---|---|---|---|---|
| Dewey Decimal Classification | Not For Loan | Non-fiction | Central Library, University of Rajshahi | Central Library, University of Rajshahi | Reading Room | 21/10/1969 | Zeetlinger | 60.00 | 531 SUR 1956 | 07/05/2017 | C-1 | Books |